Guatemala-URNG: documento
Guardado en:
| Formato: | Texto |
|---|---|
| Materias: | |
| Etiquetas: |
Agregar Etiqueta
Sin Etiquetas, Sea el primero en etiquetar este registro!
|
MARC
| LEADER | 00000 a a2200000 04500 | ||
|---|---|---|---|
| 001 | 18127 | ||
| 003 | |||
| 040 | |||
| 245 | |a Guatemala-URNG: |b documento | ||
| 650 | |a POLITICA | ||
| 650 | |a CRISIS | ||
| 650 | |a MOVIMIENTOS SOCIALES | ||
| 650 | |a GUATEMALA | ||
| 773 | |g volumen 7, número 43; (1983) Página: 685 | ||
| 999 | |c 29971 |d 29971 | ||
| 773 | 0 | |0 42391 |9 4192 |a Agencia Latinoamericana de Información, ALAI |d Quito, Ecuador: ALAI |o 03956 |t ALAI: |x 08275564 (Servicio mensual de información y documentación) | |
